01257nam a2200265 a 4500001001000000003000400010005001700014008004100031040002500072082002400097245006300121260006400184300002100248500017500269590002700444650004300471650003100514651004300545700004400588910003700632942001400669952012200683952017100805999001500976000008971OSt20240412074208.0090922s1957 dr 000 p spa d aDO-SdBNPbspacBNPHU aRD861.08bA345s22200aAlbum simbólico /cedición Manuel E. Suncar Chevalier. aCiudad Trujillo, Santo Domingo :bAteneo Dominicano,c1957. a365 p. ;c25 cm. aHomenaje de los poetas dominicanos al generalisimo Dr. Rafael L. Trujillo Molina, Padre de la Patria Nueva en el vigésimoquinto aniversario de la era de Trujillo, 1955. aInventariado, 2019/MFF 4aPoesía dominicanavColecciones97120 0aLiteratura dominicana.967 4aPoetas DominicanosvColecciones9235761 aSuncar Chevalier, Manuel E.eed.923577 aValidado. Control de calidad MFF 2ddccLBS1 001050718RVaPDbPDcHDd2019-08-09iLF1l0oRD861.08 A345sp8971-20r2020-06-25te.2w2020-06-25y1ZNo se presta 00102ddc718RVaPDbPDcHDd2009-09-22iLF1l0oRD861.08 A345sp8971-10r2020-06-25w2020-06-25y1zPerteneció a la bibliotec a personal de la Familia Reyes Duluc c8735d8735